000 00616nam a2200241Ia 4500
003 OSt
005 20220918201444.0
006 a|||||r|||| 00| 0
007 ta
008 220917b |||||||| |||| 00| 0 eng d
024 _a94,065
037 _cTextual
040 _aARTS
_cARTS
_beng
041 _2eng
_aeng
082 _aV2.J, L7
100 _aAmbashthya B P
_998856
245 0 _aDecisive battles of Sher Shah
260 _aPatna
_bJanaki Prakashan
_c1977
300 _a211p. illus
_ccm.
650 _aHISTORY
942 _hV2.J, L7
_cTEXL
_2CC
999 _c217693
_d217693